[Event "ARA Cto de Aragon por Equipos Division "]
[Site "Aragon"]
[Date "2021.03.20"]
[Round "2.7"]
[White "Quintin Navarro, Alberto"]
[Black "Gomez Salinas, Nestor"]
[Result "1-0"]
[WhiteElo "2394"]
[BlackElo "2021"]
[PlyCount "77"]
[EventDate "2021.03.13"]
[WhiteTeam "MyInvestor Casablanca"]
[BlackTeam "Palacio de Pioneros B"]

1. d4 Nf6 2. Nf3 g6 3. Bg5 Bg7 4. Nbd2 d6 5. e4 c5 6. dxc5 dxc5 7. Bc4 Nc6 8.
c3 O-O 9. O-O a6 10. a4 b6 11. Qe2 Nd7 12. h3 Qc7 13. Qe3 Bb7 14. Bh6 Rad8 15.
Bxg7 Kxg7 16. Rad1 Nce5 17. Nxe5 Nxe5 18. Be2 f6 19. f4 Nf7 20. a5 b5 21. Nb3
Rxd1 22. Rxd1 Rc8 23. Bg4 Rd8 24. Nxc5 Rxd1+ 25. Bxd1 Bc8 26. b4 e5 27. Bg4 f5
28. exf5 gxf5 29. Bf3 exf4 30. Qd4+ Qe5 31. Bb7 Qxd4+ 32. cxd4 Nd6 33. Bxc8
Nxc8 34. Nxa6 Kf6 35. Kf2 Na7 36. Kf3 Nc6 37. d5 Ne7 38. Nc7 Ke5 39. a6 1-0

[Event "ARA Cto de Aragon por Equipos Division "]
[Site "Aragon"]
[Date "2021.03.20"]
[Round "2.8"]
[White "Castillo Sanjuan, Daniel"]
[Black "Vela Frago, Alberto"]
[Result "1-0"]
[WhiteElo "1965"]
[BlackElo "2065"]
[PlyCount "59"]
[EventDate "2021.03.13"]
[WhiteTeam "Palacio de Pioneros B"]
[BlackTeam "MyInvestor Casablanca"]

1. e4 e5 2. Nf3 Nc6 3. Bc4 Nf6 4. d3 Bc5 5. c3 d6 6. Bb3 O-O 7. O-O a5 8. h3 h6
9. Nbd2 Be6 10. Bc2 d5 11. Nxe5 Nxe5 12. d4 Nfd7 13. f4 Bb6 14. fxe5 c5 15.
exd5 Bxd5 16. Nf3 cxd4 17. Nxd4 Nxe5 18. Qh5 Nc6 19. Bxh6 Nxd4 20. cxd4 Bxd4+
21. Kh1 Ra6 22. Bg5 g6 23. Qh4 Qd7 24. Rad1 Bg7 25. Bb3 Rd6 26. Bf4 g5 27. Qxg5
Qxh3+ 28. Kg1 Bxg2 29. Qxg2 Rg6 30. Qxg6 1-0

[Event "ARA Cto de Aragon por Equipos Division "]
[Site "Aragon"]
[Date "2021.03.20"]
[Round "2.9"]
[White "Ruperez Benito, Antonio"]
[Black "Cifuentes Parada, Roberto"]
[Result "1/2-1/2"]
[WhiteElo "2363"]
[BlackElo "2429"]
[PlyCount "88"]
[EventDate "2021.03.13"]
[WhiteTeam "Palacio de Pioneros A"]
[BlackTeam "Jaque Pirenauto"]

1. e4 c5 2. Nf3 Nc6 3. c3 d5 4. exd5 Qxd5 5. d4 e6 6. Be3 Nf6 7. Na3 cxd4 8.
Nb5 Qd8 9. Nbxd4 Nd5 10. Nxc6 bxc6 11. Bd2 Qb6 12. Bd3 Ba6 13. Ne5 Bxd3 14.
Nxd3 Rd8 15. O-O Be7 16. Qf3 O-O 17. c4 Nb4 18. Bxb4 Bxb4 19. Nxb4 Qxb4 20.
Qxc6 Qxb2 21. Qa4 Qd4 22. Rad1 Qc5 23. Rxd8 Rxd8 24. Rd1 Rb8 25. g3 h5 26. h4
g6 27. Qc2 Qe5 28. c5 Rb2 29. Qc4 Qf6 30. Rf1 Qf5 31. Qd4 Rc2 32. Rb1 Kh7 33.
Rb8 e5 34. Qe3 Qe6 35. Qb3 Rc1+ 36. Kh2 Qf6 37. Qe3 Rc2 38. Kg2 Kg7 39. Rb7 a5
40. Rb6 Qf5 41. Rd6 Rxa2 42. Rd5 Rc2 43. c6 Rxc6 44. Rxe5 Qf6 1/2-1/2

[Event "ARA Cto de Aragon por Equipos Division "]
[Site "Aragon"]
[Date "2021.03.20"]
[Round "2.10"]
[White "Escartin Lacasa, Jose"]
[Black "Palacios Herrero, Pablo"]
[Result "1-0"]
[WhiteElo "2111"]
[BlackElo "2243"]
[PlyCount "81"]
[EventDate "2021.03.13"]
[WhiteTeam "Jaque Pirenauto"]
[BlackTeam "Palacio de Pioneros A"]

1. d4 d5 2. Nf3 Nf6 3. c4 e6 4. g3 Bb4+ 5. Bd2 Bd6 6. Nc3 c6 7. Bg2 O-O 8. O-O
Nbd7 9. e4 Nxe4 10. Nxe4 dxe4 11. Ng5 Be7 12. Nxe4 f5 13. Nc3 e5 14. dxe5 Nxe5
15. Bf4 Nd3 16. Bd5+ cxd5 17. Qxd3 dxc4 18. Qxc4+ Kh8 19. Rfe1 b5 20. Qxb5 Bf6
21. Nd5 Ba6 22. Qb3 Bg5 23. Rad1 Bxf4 24. Nxf4 Qa5 25. Re7 Qc5 26. Qe3 Qxe3 27.
fxe3 Rfe8 28. Rdd7 Rxe7 29. Rxe7 Bc4 30. b3 Bg8 31. Nh5 a5 32. Nxg7 a4 33. bxa4
Rxa4 34. Nxf5 Rxa2 35. Re8 h5 36. Ne7 Kg7 37. Nxg8 Kf7 38. Rc8 Re2 39. Nh6+ Kg6
40. Rc6+ Kg5 41. h4# 1-0

[Event "ARA Cto de Aragon por Equipos Division "]
[Site "Aragon"]
[Date "2021.03.20"]
[Round "2.11"]
[White "Romero Pallares, Daniel"]
[Black "Ereza Vizcarra, Fernando"]
[Result "1-0"]
[WhiteElo "2203"]
[BlackElo "2103"]
[PlyCount "131"]
[EventDate "2021.03.13"]
[WhiteTeam "Palacio de Pioneros A"]
[BlackTeam "Jaque Pirenauto"]

1. e4 c5 2. Nf3 e6 3. g3 Nc6 4. Bg2 Nge7 5. O-O g6 6. d4 cxd4 7. Nxd4 Bg7 8.
Be3 O-O 9. Nc3 Ne5 10. Qe2 h5 11. h3 d5 12. exd5 Nxd5 13. Nxd5 exd5 14. b3 Qa5
15. Qb5 Qxb5 16. Nxb5 Be6 17. Rac1 Nc6 18. Nc7 Rad8 19. Bc5 Rd7 20. Nxe6 fxe6
21. Bxf8 Kxf8 22. Rfe1 Kf7 23. c3 Rc7 24. c4 d4 25. Bxc6 bxc6 26. Rcd1 c5 27.
Kg2 a5 28. Kf3 a4 29. Ke4 Rb7 30. Rb1 a3 31. f4 Rb8 32. Rbd1 Re8 33. Rb1 Rb8
34. Rf1 Rb7 35. Rf3 Bf6 36. g4 hxg4 37. hxg4 Rb8 38. Rh3 Bg7 39. b4 g5 40. Rxa3
gxf4 41. Ra7+ Kg6 42. b5 Rh8 43. b6 Rh2 44. b7 Re2+ 45. Kd3 Re3+ 46. Kd2 Be5
47. b8=Q Bxb8 48. Rxb8 f3 49. Rg8+ Kf6 50. Rf8+ Ke5 51. Raf7 Re2+ 52. Kd3 Re3+
53. Kc2 Rc3+ 54. Kb2 Rxc4 55. a3 d3 56. Rxf3 Rc2+ 57. Kb1 c4 58. Rf2 Rc3 59. g5
Rb3+ 60. Kc1 c3 61. Rd8 Ke4 62. Ra2 c2 63. Ra1 Rb5 64. g6 Rg5 65. Kd2 Rxg6 66.
Rxd3 1-0

[Event "ARA Cto de Aragon por Equipos Division "]
[Site "Aragon"]
[Date "2021.03.20"]
[Round "2.12"]
[White "Buisac Anadon, Pablo"]
[Black "Baquedano Coarasa, Pablo"]
[Result "1-0"]
[WhiteElo "2064"]
[BlackElo "2165"]
[PlyCount "77"]
[EventDate "2021.03.13"]
[WhiteTeam "Jaque Pirenauto"]
[BlackTeam "Palacio de Pioneros A"]

1. d4 Nf6 2. Nf3 g6 3. Nc3 d5 4. Bf4 Bg7 5. Qd2 O-O 6. Bh6 b6 7. h4 Bf5 8. Ne5
c5 9. Bxg7 Kxg7 10. h5 gxh5 11. f3 Bg6 12. g4 hxg4 13. fxg4 cxd4 14. Qxd4 h6
15. O-O-O Qc8 16. Bg2 Na6 17. Bxd5 Rd8 18. Qf4 Rh8 19. Bxa8 Qxa8 20. Nxg6 fxg6
21. Qe5 Qb7 22. Nd5 Nc5 23. g5 hxg5 24. Rxh8 Kxh8 25. Nxf6 exf6 26. Qxf6+ Kh7
27. Qxg5 Qe4 28. e3 Kg7 29. Qf4 Qc6 30. Qd4+ Kh7 31. Qd5 Qe8 32. Rh1+ Kg7 33.
Qd4+ Kf7 34. Rh7+ Ke6 35. e4 Qf8 36. Qd5+ Kf6 37. e5+ Kg5 38. Rf7 Qc8 39. Qd2+
1-0

[Event "ARA Cto de Aragon por Equipos Division "]
[Site "Aragon"]
[Date "2021.03.20"]
[Round "2.13"]
[White "Lana Rodriguez, David"]
[Black "Garza Marco, Sergio"]
[Result "1-0"]
[WhiteElo "2361"]
[BlackElo "2399"]
[PlyCount "139"]
[EventDate "2021.03.13"]
[WhiteTeam "Agrupacion"]
[BlackTeam "Helios"]

1. e4 c5 2. Nf3 e6 3. c3 d5 4. exd5 Qxd5 5. d4 Nf6 6. Na3 Nc6 7. Bc4 Qd8 8. Nc2
cxd4 9. Ncxd4 Nxd4 10. Nxd4 a6 11. a4 Qc7 12. Qe2 Be7 13. O-O O-O 14. Bg5 e5
15. Bxf6 Bxf6 16. Nc2 Bd7 17. Nb4 Rac8 18. Bd5 Be7 19. Nd3 Bd6 20. Rfe1 Rce8
21. Nb4 e4 22. Bxe4 Bxh2+ 23. Kf1 Be6 24. Qf3 Rd8 25. Rad1 Bd6 26. Nd5 Qc4+ 27.
Qd3 Qxd3+ 28. Rxd3 b5 29. axb5 axb5 30. Red1 f5 31. Ne3 fxe4 32. Rxd6 Rxd6 33.
Rxd6 Kf7 34. Rd4 Ra8 35. Rxe4 Bd7 36. Ke2 Bc6 37. Rf4+ Ke7 38. Nf5+ Kd7 39. Nd4
Re8+ 40. Kf1 Re7 41. f3 Kc7 42. Kf2 Bd7 43. Rh4 h6 44. Rh5 Kb6 45. Rd5 Be8 46.
Rd6+ Kc5 47. Re6 Rxe6 48. Nxe6+ Kc4 49. Nxg7 Bd7 50. Ke3 Kb3 51. Nh5 Kxb2 52.
Kd2 Kb3 53. Nf6 Bc6 54. Kd3 Kb2 55. Ng4 h5 56. Ne5 Bb7 57. g3 Bc8 58. Nc6 Kc1
59. Nd4 Ba6 60. Ke3 Kb2 61. Kd2 Ka3 62. f4 Ka4 63. Nc6 Bc8 64. Kd3 Bd7 65. Nb4
Kb3 66. Kd4 Be6 67. Na6 Bf7 68. Nc5+ Kc2 69. Ne4 Be6 70. Nd6 1-0

[Event "ARA Cto de Aragon por Equipos Division "]
[Site "Aragon"]
[Date "2021.03.20"]
[Round "2.14"]
[White "Calvo Simon, Jorge"]
[Black "Moreno Martin-Viveros, Alvaro"]
[Result "1-0"]
[WhiteElo "2188"]
[BlackElo "2151"]
[PlyCount "61"]
[EventDate "2021.03.13"]
[WhiteTeam "Helios"]
[BlackTeam "Agrupacion"]

1. e4 c5 2. b4 g6 3. Bb2 Nf6 4. e5 Nd5 5. bxc5 e6 6. d4 b6 7. c4 Ne7 8. Qf3
Nbc6 9. Qf6 Rg8 10. g4 bxc5 11. Nf3 Bg7 12. Qh4 Nb4 13. Na3 Bb7 14. d5 a6 15.
O-O-O exd5 16. cxd5 Nexd5 17. g5 Nxa2+ 18. Kc2 Ndb4+ 19. Kb1 Bxf3 20. Bh3 Bxh1
21. Qxh7 Be4+ 22. Ka1 Kf8 23. e6 Bxb2+ 24. Kxb2 dxe6 25. Rxd8+ Rxd8 26. Nc4 Bd5
27. Ne5 Rg7 28. Qh8+ Rg8 29. Qh7 Rg7 30. Qh8+ Rg8 31. Qh7 1-0

[Event "ARA Cto de Aragon por Equipos Division "]
[Site "Aragon"]
[Date "2021.03.20"]
[Round "2.15"]
[White "Garcia Morales, Roberto"]
[Black "Lorente Melcon, Maximo"]
[Result "1/2-1/2"]
[WhiteElo "2016"]
[BlackElo "1838"]
[PlyCount "50"]
[EventDate "2021.03.13"]
[WhiteTeam "Agrupacion"]
[BlackTeam "Helios"]

1. e4 e5 2. Nf3 Nc6 3. Bc4 Bc5 4. O-O d6 5. d3 Nf6 6. c3 h6 7. a4 a5 8. Nbd2
O-O 9. Bb3 Ba7 10. Re1 Be6 11. Nf1 d5 12. exd5 Bxd5 13. Bc2 Re8 14. Be3 Bxe3
15. Nxe3 Qd7 16. Nxd5 Qxd5 17. d4 exd4 18. Rxe8+ (18. Nxd4 Rxe1+) 18... Rxe8
19. Nxd4 Nxd4 20. Qxd4 Qd7 21. Kf1 Kf8 22. Qxd7 Nxd7 23. Rd1 Nb6 24. Bb3 Ke7
25. Re1+ Kf8 1/2-1/2

[Event "ARA Cto de Aragon por Equipos Division "]
[Site "Aragon"]
[Date "2021.03.20"]
[Round "2.16"]
[White "Lorente Melcon, Nicolas"]
[Black "Conon, Catalin"]
[Result "1/2-1/2"]
[WhiteElo "1681"]
[BlackElo "1654"]
[PlyCount "76"]
[EventDate "2021.03.13"]
[WhiteTeam "Helios"]
[BlackTeam "Agrupacion"]

1. Nf3 Nc6 2. c4 e5 3. Nc3 Nf6 4. g3 Nd4 5. Bg2 d6 6. Nxd4 exd4 7. Nb5 c5 8.
Qa4 Nd7 9. e3 Be7 10. exd4 O-O 11. O-O Nb6 12. Qc2 a6 13. Nc3 cxd4 14. Nd5 Nxd5
15. Bxd5 Rb8 16. b3 Bf6 17. Bb2 b5 18. Rac1 b4 19. Rfe1 Qb6 20. c5 dxc5 21.
Qxc5 Qxc5 22. Rxc5 Rb6 23. Re4 Bf5 24. Bxf7+ Kxf7 25. Rxf5 Rc8 26. Bxd4 Rd6 27.
Bxf6 gxf6 28. Rxb4 Rxd2 29. Rb6 Rxa2 30. Rfxf6+ Kg7 31. Rxa6 Rb2 32. Rf4 Rxb3
33. Ra7+ Kg6 34. Rg4+ Kf5 35. Rh4 Rc2 36. Rf7+ Kg6 37. Rhxh7 Rbb2 38. Rhg7+ Kh6
1/2-1/2

[Event "ARA Cto de Aragon por Equipos Division "]
[Site "Aragon"]
[Date "2021.03.20"]
[Round "2.17"]
[White "Cid Royo, Jonathan"]
[Black "Hinojar Basa, Alfonso"]
[Result "1/2-1/2"]
[WhiteElo "2176"]
[BlackElo "2163"]
[PlyCount "39"]
[EventDate "2021.03.13"]
[WhiteTeam "L'Aurora"]
[BlackTeam "Marcos Frechin"]

1. e4 c5 2. Nc3 Nc6 3. g3 g6 4. Bg2 Bg7 5. f4 d6 6. Nf3 Nf6 7. d3 O-O 8. O-O
Rb8 9. a4 a6 10. h3 b5 11. axb5 axb5 12. g4 b4 13. Ne2 Bb7 14. Be3 e6 15. Ng3
Nd7 16. Qc1 Ra8 17. Rxa8 Qxa8 18. f5 Qa2 19. b3 Qb2 20. Qxb2 1/2-1/2

[Event "ARA Cto de Aragon por Equipos Division "]
[Site "Aragon"]
[Date "2021.03.20"]
[Round "2.18"]
[White "Jario Garcia, Ricardo"]
[Black "Cid Royo, Oscar"]
[Result "1-0"]
[WhiteElo "2045"]
[BlackElo "2039"]
[PlyCount "99"]
[EventDate "2021.03.13"]
[WhiteTeam "Marcos Frechin"]
[BlackTeam "L'Aurora"]

1. e4 c6 2. d4 d5 3. Nd2 dxe4 4. Nxe4 Nf6 5. Nxf6+ exf6 6. c3 Bd6 7. Bd3 O-O 8.
Qc2 Re8+ 9. Ne2 g6 10. h4 f5 11. h5 Be6 12. Bd2 Bd5 13. f3 Bg3+ 14. Kf1 Bh4 15.
Nf4 Nd7 16. Nxd5 cxd5 17. g4 fxg4 18. hxg6 hxg6 19. Bxg6 Qf6 20. Bh7+ Kg7 21.
Qf5 Qa6+ 22. Kg1 Bf2+ 23. Kxf2 Qe2+ 24. Kg3 Qxd2 25. Qxg4+ Kf6 26. Rh2 Qg5 27.
Qxg5+ Kxg5 28. Rah1 Kf6 29. Bc2 Rg8+ 30. Kf4 Nf8 31. Rh6+ Ke7 32. Bf5 f6 33.
Re1+ Kf7 34. Re2 b6 35. Rh1 Ng6+ 36. Bxg6+ Rxg6 37. Rh7+ Rg7 38. Rxg7+ Kxg7 39.
Kf5 Kf7 40. Re6 Rh8 41. Rxf6+ Ke7 42. Rg6 Rh2 43. f4 Rxb2 44. Ke5 Rxa2 45. Rg7+
Kf8 46. Rb7 Rc2 47. Rxa7 Rxc3 48. Rb7 Rb3 49. f5 b5 50. Kxd5 {irreproducible}
1-0

[Event "ARA Cto de Aragon por Equipos Division "]
[Site "Aragon"]
[Date "2021.03.20"]
[Round "2.19"]
[White "Pellicer Cerezuela, Miguel"]
[Black "Ciriano Lamban, Alejandro"]
[Result "1/2-1/2"]
[WhiteElo "2029"]
[BlackElo "2030"]
[PlyCount "98"]
[EventDate "2021.03.13"]
[WhiteTeam "L'Aurora"]
[BlackTeam "Marcos Frechin"]

1. d4 Nf6 2. Nf3 g6 3. e3 Bg7 4. Bd3 O-O 5. O-O d6 6. Nbd2 Nc6 7. c3 e5 8. e4
Nh5 9. dxe5 dxe5 10. Nc4 Nf4 11. Bc2 Qe7 12. Bxf4 exf4 13. Qe2 Be6 14. Ncd2 a6
15. Rfe1 g5 16. e5 Bg4 17. Qd3 Rfe8 18. Qxh7+ Kf8 19. h3 Bxf3 20. Nxf3 Nxe5 21.
Qh5 Nxf3+ 22. gxf3 Qxe1+ 23. Rxe1 Rxe1+ 24. Kg2 Re5 25. Bb3 Rf5 26. Qg4 Re5 27.
Qd7 Re7 28. Qd5 c6 29. Qxg5 Be5 30. h4 Rd8 31. h5 Rd6 32. Kf1 Ke8 33. h6 Rg6
34. Qf5 Kd8 35. h7 Rh6 36. Bxf7 Bg7 37. Bh5 Re5 38. Qg4 Rexh5 39. Qxg7 Rxh7 40.
Qf8+ Kd7 41. Qxf4 Rh1+ 42. Ke2 Re7+ 43. Kd2 Rhe1 44. Kc2 R1e6 45. Qd4+ Kc7 46.
f4 Rf7 47. a4 Ref6 48. a5 Rxf4 49. Qe5+ Kc8 1/2-1/2

[Event "ARA Cto de Aragon por Equipos Division "]
[Site "Aragon"]
[Date "2021.03.20"]
[Round "2.20"]
[White "Moya Gimeno, Raul"]
[Black "Felez Casedas, Carlos"]
[Result "1-0"]
[WhiteElo "1870"]
[BlackElo "1976"]
[PlyCount "67"]
[EventDate "2021.03.13"]
[WhiteTeam "Marcos Frechin"]
[BlackTeam "L'Aurora"]

1. e4 e5 2. Nf3 Nf6 3. Nxe5 d6 4. Nf3 Nxe4 5. Nc3 Nf6 6. d4 Bg4 7. Be2 Be7 8.
h3 Bh5 9. Bf4 O-O 10. O-O Nbd7 11. Re1 Re8 12. g4 Bg6 13. Nh4 Bf8 14. Nxg6 hxg6
15. Bf3 c6 16. d5 c5 17. Rxe8 Nxe8 18. Ne4 b5 19. b3 Nb6 20. Rc1 c4 21. Nc3 Qf6
22. Bd2 a6 23. Ne4 Qe5 24. Bc3 Qf4 25. Bd2 Qe5 26. Bc3 Qe7 27. Qd4 Qc7 28. Ba5
Rb8 29. bxc4 f5 30. gxf5 gxf5 31. Ng5 Qe7 32. Qh4 g6 33. Re1 Qg7 34. Bxb6 1-0

[Event "ARA Cto de Aragon por Equipos Division "]
[Site "Aragon"]
[Date "2021.03.20"]
[Round "2.21"]
[White "Arrieta Restrepo, Steven"]
[Black "Del Rey, Diego"]
[Result "0-1"]
[WhiteElo "2052"]
[BlackElo "2383"]
[PlyCount "49"]
[EventDate "2021.03.13"]
[WhiteTeam "Monzon"]
[BlackTeam "El Olivar"]

1. e4 c5 2. Nc3 e6 3. Nf3 a6 4. d4 cxd4 5. Nxd4 b5 6. g3 Bb7 7. Bg2 Nf6 8. a3
b4 9. axb4 Bxb4 10. Bg5 Qc7 11. O-O Bxc3 12. Bxf6 gxf6 13. bxc3 d5 14. h4 Nc6
15. Qd2 Ne5 16. Rfb1 Ke7 17. Rb4 Rhb8 18. Nf3 a5 19. Rba4 Bc6 20. Rxa5 Nc4 21.
Qd4 Nxa5 22. Qc5+ Kd7 23. Qxa5 Qxa5 24. Rxa5 dxe4 25. Nd4 0-1

[Event "ARA Cto de Aragon por Equipos Division "]
[Site "Aragon"]
[Date "2021.03.20"]
[Round "2.22"]
[White "Villuendas Valero, Adrian"]
[Black "Barranco Mananet, Fernando"]
[Result "1-0"]
[WhiteElo "2249"]
[BlackElo "1969"]
[PlyCount "71"]
[EventDate "2021.03.13"]
[WhiteTeam "El Olivar"]
[BlackTeam "Monzon"]

1. e4 c5 2. Nc3 Nc6 3. f4 g6 4. Nf3 Bg7 5. Bb5 Nd4 6. O-O Nh6 7. d3 a6 8. Bc4
b5 9. Bd5 Rb8 10. Nxd4 Bxd4+ 11. Kh1 e6 12. Bb3 f5 13. Qe1 O-O 14. Be3 Bxe3 15.
Qxe3 Qc7 16. a3 Bb7 17. Rae1 c4 18. Ba2 Rbc8 19. Qd4 Rf7 20. dxc4 bxc4 21. Re2
Ng4 22. e5 Re7 23. Rd1 Qc5 24. Qxc5 Rxc5 25. Rd4 g5 26. h3 Nh6 27. Bxc4 gxf4
28. b4 Rc8 29. Rxf4 Rg7 30. Na4 Nf7 31. Nc5 Bc6 32. Bxa6 Rc7 33. Nd3 Be4 34. b5
Ng5 35. Kh2 Ba8 36. b6 1-0

[Event "ARA Cto de Aragon por Equipos Division "]
[Site "Aragon"]
[Date "2021.03.20"]
[Round "2.23"]
[White "Rodriguez Aranda, Kevin"]
[Black "Hernando Garcia, Antonio"]
[Result "0-1"]
[WhiteElo "1793"]
[BlackElo "2097"]
[PlyCount "64"]
[EventDate "2021.03.13"]
[WhiteTeam "Monzon"]
[BlackTeam "El Olivar"]

1. e4 d5 2. exd5 Qxd5 3. Nc3 Qd8 4. Bc4 c6 5. d4 Nf6 6. Nge2 Bf5 7. O-O e6 8.
Ng3 Bg6 9. f4 Be7 10. f5 exf5 11. Nxf5 O-O 12. Bg5 Nbd7 13. Qe2 Re8 14. Rae1
Bb4 15. Qf3 Rxe1 16. Rxe1 Qa5 17. Nh6+ gxh6 18. Bxf6 Bxc3 19. bxc3 Nxf6 20.
Qxf6 Qxc3 21. Qf1 Qxd4+ 22. Kh1 b5 23. Bb3 a5 24. Re7 Rf8 25. c4 a4 26. cxb5
axb3 27. bxc6 bxa2 28. Re1 Bb1 29. c7 a1=Q 30. Qxf7+ Kxf7 31. Rf1+ Kg7 32. Rxf8
Qd1+ 0-1

[Event "ARA Cto de Aragon por Equipos Division "]
[Site "Aragon"]
[Date "2021.03.20"]
[Round "2.24"]
[White "Galstyan, David"]
[Black "Garreta Nieto, Maria"]
[Result "1-0"]
[WhiteElo "1816"]
[BlackElo "1759"]
[PlyCount "43"]
[EventDate "2021.03.13"]
[WhiteTeam "El Olivar"]
[BlackTeam "Monzon"]

1. e4 c6 2. Nf3 d5 3. Nc3 dxe4 4. Nxe4 Nd7 5. Qe2 e6 6. d3 Ngf6 7. Bd2 Be7 8.
O-O-O b6 9. Rg1 Bb7 10. g4 Qc7 11. g5 Nd5 12. c4 Nf4 13. Qe3 Ng6 14. h4 O-O-O
15. h5 Nge5 16. d4 Nxf3 17. Qxf3 Rdf8 18. Bf4 Qd8 19. Nd6+ Bxd6 20. Bxd6 Re8
21. Qxf7 Rhg8 22. Bh3 1-0

[Event "ARA Cto de Aragon por Equipos Division "]
[Site "Aragon"]
[Date "2021.03.20"]
[Round "2.25"]
[White "Luis Vitalla, Fernando"]
[Black "Dominguez Bujeda, Jesus"]
[Result "1/2-1/2"]
[WhiteElo "2123"]
[BlackElo "2086"]
[PlyCount "54"]
[EventDate "2021.03.13"]
[WhiteTeam "Atletismo Huesca"]
[BlackTeam "Teruel"]

1. Nf3 d5 2. b3 Nf6 3. Bb2 c6 4. e3 Bg4 5. d4 e6 6. Be2 Nbd7 7. Nbd2 Be7 8. h3
Bh5 9. c4 a5 10. a3 O-O 11. O-O Qc7 12. Ne5 Bxe2 13. Qxe2 Nxe5 14. dxe5 Nd7 15.
f4 f5 16. cxd5 exd5 17. Rac1 Qb6 18. Bd4 Qa6 19. Qxa6 Rxa6 20. a4 c5 21. Bc3
Kf7 22. Rfd1 Ke6 23. Kf2 Nb8 24. g4 Nc6 25. Nf3 g6 26. Rd3 Rb6 27. Be1 g5
1/2-1/2

[Event "ARA Cto de Aragon por Equipos Division "]
[Site "Aragon"]
[Date "2021.03.20"]
[Round "2.26"]
[White "Arpa Pardos, Emilio"]
[Black "Salamero Pelay, Fernando"]
[Result "0-1"]
[WhiteElo "1905"]
[BlackElo "2059"]
[PlyCount "102"]
[EventDate "2021.03.13"]
[WhiteTeam "Teruel"]
[BlackTeam "Atletismo Huesca"]

1. d4 Nf6 2. c4 g6 3. Nc3 Bg7 4. e4 d6 5. Nf3 O-O 6. Be2 Na6 7. O-O e5 8. d5
Nc5 9. Nd2 a5 10. Qc2 Bd7 11. Nb3 b6 12. Nxc5 bxc5 13. f4 exf4 14. Bxf4 Ng4 15.
Bxg4 Bxg4 16. Rae1 Qh4 17. Bg3 Qg5 18. e5 dxe5 19. Ne4 Qe7 20. Qf2 f5 21. Qxc5
Qxc5+ 22. Nxc5 f4 23. Bf2 Bf5 24. Ne4 Rfb8 25. b3 a4 26. Nc5 axb3 27. axb3 Ra2
28. Bh4 Bf8 29. Ne6 Bd6 30. c5 Bxe6 31. dxe6 Bxc5+ 32. Kh1 Bd6 33. Bf6 Ra5 34.
g3 Re8 35. gxf4 exf4 36. Re4 Rf5 37. Bd4 g5 38. Rfe1 h6 39. Be5 Bxe5 40. Rxe5
Rxe5 41. Rxe5 Kg7 42. Rc5 Re7 43. h4 Kf6 44. hxg5+ hxg5 45. Rc6 Rxe6 46. Rxc7
Rb6 47. Rc3 Kf5 48. Kg2 Kg4 49. Rd3 Rc6 50. b4 Rc2+ 51. Kf1 Rb2 0-1

[Event "ARA Cto de Aragon por Equipos Division "]
[Site "Aragon"]
[Date "2021.03.20"]
[Round "2.27"]
[White "Gella Lopez, Angel"]
[Black "Calvo Gutierrez, Rafael"]
[Result "1-0"]
[WhiteElo "2032"]
[BlackElo "1603"]
[PlyCount "43"]
[EventDate "2021.03.13"]
[WhiteTeam "Atletismo Huesca"]
[BlackTeam "Teruel"]

1. d4 d5 2. c4 c6 3. Nf3 Nf6 4. Qc2 g6 5. Bg5 Bg7 6. e3 Bf5 7. Qb3 Qa5+ 8. Nc3
Nbd7 9. cxd5 Nxd5 10. Be2 N7b6 11. O-O Be6 12. Qc2 Bg4 13. Bh4 f6 14. h3 Be6
15. Nd2 O-O 16. Nb3 Qb4 17. Nc5 Bc8 18. a3 Qa5 19. Nb3 Nb4 20. axb4 Qxb4 21.
Nc5 Nc4 22. Na2 1-0

[Event "ARA Cto de Aragon por Equipos Division "]
[Site "Aragon"]
[Date "2021.03.20"]
[Round "2.28"]
[White "Perez Dominguez, Carlos Gines"]
[Black "Laplaza Ara, Carlos"]
[Result "0-1"]
[WhiteElo "1571"]
[BlackElo "1928"]
[PlyCount "74"]
[EventDate "2021.03.13"]
[WhiteTeam "Teruel"]
[BlackTeam "Atletismo Huesca"]

1. Nf3 d5 2. d4 Nf6 3. c4 e6 4. g3 Be7 5. Bg2 O-O 6. cxd5 exd5 7. O-O c6 8. Nc3
Re8 9. Qc2 Nbd7 10. Re1 Nf8 11. a3 g6 12. b4 Bf5 13. Qb2 Ne4 14. Nd2 Nxc3 15.
Qxc3 Bf6 16. Bb2 Ne6 17. e3 Nc7 18. Qb3 Qd7 19. a4 a6 20. e4 dxe4 21. Nxe4 Bxe4
22. Bxe4 Nd5 23. Bxd5 Qxd5 24. Qxd5 cxd5 25. Kf1 Kf8 26. Rxe8+ Kxe8 27. Rc1 Be7
28. Rc7 Rb8 29. b5 axb5 30. axb5 Bd6 31. Rc3 Kd7 32. Ba3 Bxa3 33. Rxa3 Rc8 34.
Ra4 Rc4 35. Rxc4 dxc4 36. Ke2 Kc7 37. Kd2 Kb6 0-1

[Event "ARA Cto de Aragon por Equipos Division "]
[Site "Aragon"]
[Date "2021.03.20"]
[Round "2.29"]
[White "Sierra Aguerri, Joaquin"]
[Black "Llanes Luno, Ricardo"]
[Result "1/2-1/2"]
[WhiteElo "2101"]
[BlackElo "2199"]
[PlyCount "41"]
[EventDate "2021.03.13"]
[WhiteTeam "Tauste"]
[BlackTeam "Delicias"]

1. e4 c5 2. Nc3 e6 3. f4 a6 4. Nf3 d5 5. d3 Nc6 6. g3 Nf6 7. Qe2 Be7 8. Bg2 O-O
9. O-O Qc7 10. h3 b5 11. g4 b4 12. Nd1 dxe4 13. dxe4 a5 14. c4 bxc3 15. bxc3
Ba6 16. c4 Nd4 17. Qd3 Nxf3+ 18. Bxf3 Rad8 19. Qc2 Rd4 20. Nb2 Rfd8 21. Be3
1/2-1/2

[Event "ARA Cto de Aragon por Equipos Division "]
[Site "Aragon"]
[Date "2021.03.20"]
[Round "2.30"]
[White "Roche Simon, Manuel Angel"]
[Black "Fernandez Rubio, Rafael"]
[Result "1-0"]
[WhiteElo "2046"]
[BlackElo "2066"]
[PlyCount "67"]
[EventDate "2021.03.13"]
[WhiteTeam "Delicias"]
[BlackTeam "Tauste"]

1. e4 g6 2. d4 Bg7 3. Be3 c6 4. Nc3 d5 5. e5 f6 6. f4 Nh6 7. Nf3 O-O 8. h3 Nf5
9. Bf2 fxe5 10. fxe5 Bh6 11. Bd3 Ne3 12. Bxe3 Bxe3 13. Qe2 Bf4 14. O-O Be6 15.
Qf2 Nd7 16. Ne2 Bh6 17. Kh1 Rf7 18. Qh4 Qf8 19. Nh2 g5 20. Qg3 Kh8 21. Rxf7
Qxf7 22. Qe3 Rf8 23. Rf1 Qg7 24. g4 Rf7 25. Rxf7 Qxf7 26. Ng3 Qf4 27. Qxf4 gxf4
28. Nf5 Bxf5 29. gxf5 c5 30. c3 f3 31. Nxf3 Bc1 32. Bb5 Nb8 33. f6 exf6 34. e6
1-0

[Event "ARA Cto de Aragon por Equipos Division "]
[Site "Aragon"]
[Date "2021.03.20"]
[Round "2.31"]
[White "Carbonel Sanchez, Andres"]
[Black "Llanes Luno, Pedro Alfredo"]
[Result "1-0"]
[WhiteElo "1940"]
[BlackElo "2005"]
[PlyCount "65"]
[EventDate "2021.03.13"]
[WhiteTeam "Tauste"]
[BlackTeam "Delicias"]

1. e4 c5 2. Nf3 Nc6 3. d4 cxd4 4. Nxd4 g6 5. c4 Bg7 6. Be3 Nf6 7. Nc3 O-O 8.
Be2 d6 9. O-O a5 10. f3 Nd7 11. Ndb5 Nc5 12. Qd2 Be6 13. Rfd1 Nd7 14. Rac1 Rc8
15. Qe1 f5 16. b3 Qe8 17. Bd3 f4 18. Bf2 g5 19. Nd5 Qf7 20. Ndc7 Nde5 21. Nxe6
Qxe6 22. Be2 Rf6 23. c5 dxc5 24. Rxc5 g4 25. Nd4 Nxd4 26. Rxc8+ Qxc8 27. Bxd4
gxf3 28. Bxe5 fxe2 29. Qxe2 f3 30. Qc4+ Qxc4 31. bxc4 Rg6 32. Bg3 fxg2 33. Kxg2
1-0

[Event "Cto de Aragon por Equipos Preferente"]
[Site "?"]
[Date "2021.03.20"]
[Round "2.33"]
[White "Sancho Cortes, Miguel Angel"]
[Black "Carruez Berges, Santiago"]
[Result "1-0"]
[WhiteElo "2039"]
[BlackElo "1998"]
[PlyCount "45"]
[EventDate "2021.03.13"]
[WhiteTeam "Marie Curie"]
[BlackTeam "Agrupacion B"]

1. e4 e6 2. d4 d5 3. exd5 exd5 4. c4 Nf6 5. Nc3 Nc6 6. Nf3 Bg4 7. Be3 Bb4 8.
Qb3 Qe7 9. cxd5 Bxf3 10. gxf3 Nxd4 11. Qa4+ c6 12. O-O-O Nf5 13. dxc6 O-O 14.
Bg5 Bxc3 15. bxc3 bxc6 16. Bd3 Qe5 17. Qc2 Ne7 18. f4 Qc7 19. Rhg1 g6 20. f5
Kg7 21. Qd2 Qa5 22. Bxf6+ Kxf6 23. Qg5+ 1-0